000 00308nam a2200133Ia 4500
008 230312s9999||||xx |||||||||||||| ||und||
082 _a658.8
_bKOT-M
100 _aKotler,Philip
245 0 _aMarketing Management
260 _bMc Graw hill
_aUSA
_c2003
300 _a745
650 _aManagement
942 _cBK
999 _c3801
_d3801